Report of the Comptroller and Auditor General of India on social general and economic (non-psu) sectors (Record no. 507108)

000 -LEADER
fixed length control field 00411nam a22001217a 4500
082 ## - DEWEY DECIMAL CLASSIFICATION NUMBER
Classification number L906x5441 S
100 ## - MAIN ENTRY--PERSONAL NAME
Personal name Government of Assam
9 (RLIN) 713
245 ## - TITLE STATEMENT
Title Report of the Comptroller and Auditor General of India on social general and economic (non-psu) sectors
Statement of responsibility, etc by Government of Assam
260 ## - PUBLICATION, DISTRIBUTION, ETC. (IMPRINT)
Place of publication, distribution, etc Guwahati
Name of publisher, distributor, etc Government of Assam
Date of publication, distribution, etc 2018
300 ## - PHYSICAL DESCRIPTION
Extent 301p.
440 ## - SERIES STATEMENT/ADDED ENTRY--TITLE
Volume number/sequential designation No.2
9 (RLIN) 714
600 ## - SUBJECT ADDED ENTRY--PERSONAL NAME
Personal name Audit - CAG - Assam
9 (RLIN) 715
Holdings
Withdrawn status Lost status Source of classification or shelving scheme Damaged status Koha normalized classification for sorting Not for loan Permanent location Current location Date acquired Full call number Barcode Date last seen Price effective from Koha item type
        L_906X5441_S   Indian Institute of Public Administration Indian Institute of Public Administration 2019-01-14 L906x5441 S GG34417 2019-01-14 2019-01-14 GG

Powered by Koha